Indian economy at a glance (Record no. 497396)

000 -LEADER
fixed length control field 00338cam a22001097a 4500
008 - FIXED-LENGTH DATA ELEMENTS--GENERAL INFORMATION
fixed length control field 180718b1982 xxu||||| |||| 00| 0 eng d
082 ## - DEWEY DECIMAL CLASSIFICATION NUMBER
Classification number T1906sx54 In2e
245 ## - TITLE STATEMENT
Title Indian economy at a glance
Statement of responsibility, etc. by Indian Investment Centre
260 ## - PUBLICATION, DISTRIBUTION, ETC.
Place of publication, distribution, etc. New Delhi
Name of publisher, distributor, etc. Indian Investment Centre
Date of publication, distribution, etc. 1982
300 ## - PHYSICAL DESCRIPTION
Extent 26p
700 ## - ADDED ENTRY--PERSONAL NAME
Personal name India. Indian Investment Centre
Holdings
Withdrawn status Lost status Damaged status Not for loan Permanent Location Current Location Date acquired Full call number Barcode Date last seen Price effective from Koha item type
        Indian Institute of Public Administration Indian Institute of Public Administration 2018-08-04 T1906sx54 In2e G15647 2018-08-04 2018-08-04 G

Powered by Koha